<?xml version="1.0" encoding="UTF-8"?><marc:collection xmlns:marc="http://www.loc.gov/MARC21/slim">
  <marc:record>
    <marc:leader>00000cas  2200000za 4500</marc:leader>
    <marc:controlfield tag="001">9.507818</marc:controlfield>
    <marc:controlfield tag="003">CaOODSP</marc:controlfield>
    <marc:controlfield tag="005">20260310114500</marc:controlfield>
    <marc:controlfield tag="007">cr |||||||||||</marc:controlfield>
    <marc:controlfield tag="008">150406c20119999qucar pso||||f|   |0eng|d</marc:controlfield>
    <marc:datafield tag="022" ind1=" " ind2=" ">
      <marc:subfield code="a">2292-7751</marc:subfield>
    </marc:datafield>
    <marc:datafield tag="040" ind1=" " ind2=" ">
      <marc:subfield code="a">CaOODSP</marc:subfield>
      <marc:subfield code="b">eng</marc:subfield>
    </marc:datafield>
    <marc:datafield tag="043" ind1=" " ind2=" ">
      <marc:subfield code="a">n-cn-nu</marc:subfield>
    </marc:datafield>
    <marc:datafield tag="086" ind1="1" ind2=" ">
      <marc:subfield code="a">R71-39E-PDF</marc:subfield>
    </marc:datafield>
    <marc:datafield tag="222" ind1=" " ind2="0">
      <marc:subfield code="a">Nunavut, mineral exploration, mining and geoscience</marc:subfield>
    </marc:datafield>
    <marc:datafield tag="245" ind1="0" ind2="0">
      <marc:subfield code="a">Nunavut, mineral exploration, mining and geoscience </marc:subfield>
      <marc:subfield code="h">[electronic resource] : </marc:subfield>
      <marc:subfield code="b">overview / </marc:subfield>
      <marc:subfield code="c">Government of Nunavut (GN), Nunavut Tunngavik Incorporated (NTI), and Canada-Nunavut Geoscience Office (CNGO).</marc:subfield>
    </marc:datafield>
    <marc:datafield tag="246" ind1="3" ind2=" ">
      <marc:subfield code="a">Nunavut, mining, mineral exploration and geoscience overview</marc:subfield>
    </marc:datafield>
    <marc:datafield tag="260" ind1=" " ind2=" ">
      <marc:subfield code="a">[Gatineau, QC] : </marc:subfield>
      <marc:subfield code="b">Aboriginal Affairs and Northern Development Canada.</marc:subfield>
    </marc:datafield>
    <marc:datafield tag="310" ind1=" " ind2=" ">
      <marc:subfield code="a">Annual</marc:subfield>
    </marc:datafield>
    <marc:datafield tag="362" ind1="1" ind2=" ">
      <marc:subfield code="a">Began with 2011.</marc:subfield>
    </marc:datafield>
    <marc:datafield tag="500" ind1=" " ind2=" ">
      <marc:subfield code="a">Issued also in French under title: Nunavut, exploration minérale, exploitation minière et sciences de la terre : aperçu.</marc:subfield>
    </marc:datafield>
    <marc:datafield tag="520" ind1=" " ind2=" ">
      <marc:subfield code="a">The Nunavut Mineral Exploration, Mining and Geoscience Overview is a valuable resource that provides information on all the mineral exploration and mining projects in Nunavut. It also details the government and land claim organizations that are involved in regulating the mineral industry.</marc:subfield>
      <marc:subfield code="b">http://www.gov.nu.ca/edt/documents/nunavut-mineral-exploration-mining-and-geoscience-overview</marc:subfield>
    </marc:datafield>
    <marc:datafield tag="550" ind1=" " ind2=" ">
      <marc:subfield code="a">Issued jointly by: Aboriginal Affairs and Northern Development Canada (AANDC), Government of Nunavut (GN), Nunavut Tunngavik Incorporated (NTI), and Canada-Nunavut Geoscience Office (CNGO).</marc:subfield>
    </marc:datafield>
    <marc:datafield tag="550" ind1=" " ind2=" ">
      <marc:subfield code="a">Published 2011-2014 by Aboriginal Affairs and Northern Development Canada, 2015-2017 by Indigenous and Northern Affairs Canada, 2018- by Crown-Indigenous Relations and Northern Affairs Canada.</marc:subfield>
    </marc:datafield>
    <marc:datafield tag="710" ind1="1" ind2=" ">
      <marc:subfield code="a">Canada. </marc:subfield>
      <marc:subfield code="b">Aboriginal Affairs and Northern Development Canada.</marc:subfield>
    </marc:datafield>
    <marc:datafield tag="710" ind1="1" ind2=" ">
      <marc:subfield code="a">Canada. </marc:subfield>
      <marc:subfield code="b">Indigenous and Northern Affairs Canada.</marc:subfield>
    </marc:datafield>
    <marc:datafield tag="710" ind1="2" ind2=" ">
      <marc:subfield code="a">Canada-Nunavut Geoscience Office.</marc:subfield>
    </marc:datafield>
    <marc:datafield tag="710" ind1="2" ind2=" ">
      <marc:subfield code="a">Nunavut Tunngavik Incorporated.</marc:subfield>
    </marc:datafield>
    <marc:datafield tag="710" ind1="1" ind2=" ">
      <marc:subfield code="a">Canada. </marc:subfield>
      <marc:subfield code="b">Crown-Indigenous Relations and Northern Affairs Canada.</marc:subfield>
    </marc:datafield>
    <marc:datafield tag="775" ind1="0" ind2="8">
      <marc:subfield code="t">Nunavut, exploration minérale, exploitation minière et sciences de la terre </marc:subfield>
      <marc:subfield code="w">(CaOODSP)9.504198</marc:subfield>
    </marc:datafield>
    <marc:datafield tag="776" ind1="0" ind2="#">
      <marc:subfield code="t">Nunavut, mineral exploration, mining and geoscience : </marc:subfield>
      <marc:subfield code="w">(CaOODSP)9.512474</marc:subfield>
    </marc:datafield>
    <marc:datafield tag="780" ind1="0" ind2="0">
      <marc:subfield code="t">Nunavut </marc:subfield>
      <marc:subfield code="w">(CaOODSP)9.823235</marc:subfield>
    </marc:datafield>
  </marc:record>
</marc:collection>
